000 00723cam a22002291 4500
001 g 01000998
003 DLC
005 20260227111253.0
008 791210s1899 gw a 000 0 ger
010 _ag 01000998
035 _a(OCoLC)5779989
040 _aDLC
_cKU
_dDLC
042 _apremarc
050 0 0 _aHG1651
_b.M5
100 1 _aMaync, Reginald,
_d1875-
245 1 4 _aDer Discount.
_cVon Dr. Reginald Maync.
260 _aJena,
_bG. Fischer,
_c1899.
300 _axi, 132 p.
_bfold. diagrs.
_c24 cm.
490 0 _aSammlung nationalökonomischer und statistischer Abhandlungen des Staatswissenschaftliche Seminars zu Halle a. d. S., 24. Bd.
504 _a"Literaturnachweis": p. 130-132.
650 0 _aDiscount.
999 _c23619
_d23619